Take pride in being unprejudiced (Record no. 82348)

MARC details
000 -LEADER
fixed length control field 00676cab a22001935a 4500
001 - CONTROL NUMBER
control field L149956
008 - FIXED-LENGTH DATA ELEMENTS--GENERAL INFORMATION
fixed length control field 100519e20100501xxk 000 0 eng d
035 ## - SYSTEM CONTROL NUMBER
System control number (Sirsi) u149956
041 0# - LANGUAGE CODE
Language code of text/sound track or separate title eng
100 1# - MAIN ENTRY--PERSONAL NAME
Personal name Edwards, Simon
245 00 - TITLE STATEMENT
Title Take pride in being unprejudiced
260 ## - PUBLICATION, DISTRIBUTION, ETC.
Date of publication, distribution, etc. 2010
490 ## - SERIES STATEMENT
Series statement Estates Gazette
Volume/sequential designation 1017 1 May 2010, 90(1)
520 ## - SUMMARY, ETC.
Summary, etc. The concept of bias within the property sector. Includes examples of perceived bias which can occur from, judges, adjudicators, arbitrators, independent experts, planning inspectors and expert witnesses.
590 ## - LOCAL NOTE (RLIN)
Local note KA
651 #4 - SUBJECT ADDED ENTRY--GEOGRAPHIC NAME
Geographic name England and Wales
Chronological subdivision 1543-
690 ## - LOCAL SUBJECT ADDED ENTRY--TOPICAL TERM (OCLC, RLIN)
Topical term or geographic name as entry element Dispute resolution
9 (RLIN) 6236
942 ## - ADDED ENTRY ELEMENTS (KOHA)
Suppress in OPAC 0
Holdings
Withdrawn status Lost status Source of classification or shelving scheme Damaged status Not for loan Home library Current library Shelving location Date acquired Total Checkouts Full call number Barcode Date last seen Copy number Price effective from Koha item type
    Dewey Decimal Classification     London London Journal article 19/05/2010   L149956 149956-1001 06/08/2019 1 06/08/2019 Journal article